| 000 | 00547nam a22001577a 4500 | ||
|---|---|---|---|
| 003 | NUST | ||
| 038 | _aNusrat Nadeem | ||
| 082 | _a200 | ||
| 100 |
_aSammana Batool, _970334 |
||
| 245 |
_aDevelopment of Model Order Reduction Techniques for Weighted and Limited Interval Systems/ _cBatool, Sammana |
||
| 264 |
_aRawalpindi: _bMCS NUST _c2026. |
||
| 650 |
_aPhD-Electrical Engineering _984162 |
||
| 700 |
_aSupervisor: Associate Prof Dr. Muhammad Imran _9133431 |
||
| 856 | _uhttp://10.250.8.41:8080/xmlui/handle/123456789/57280 | ||
| 942 |
_2ddc _cSC |
||
| 999 |
_c616391 _d616391 |
||